[Event "Verbandsliga Suedbaden 2223"]
[Site "Germany"]
[Date "2023.05.07"]
[Round "9.2"]
[White "Schwing, Hans Elmar"]
[Black "Schuh, Hubert"]
[Result "1-0"]
[WhiteElo "2319"]
[BlackElo "2293"]
[PlyCount "83"]
[EventDate "2022.09.25"]
[EventType "team-tourn"]
[EventRounds "9"]
[EventCountry "GER"]
[SourceTitle "EXT 2024"]
[Source "ChessBase"]
[SourceDate "2023.10.10"]
[SourceVersion "1"]
[SourceVersionDate "2023.10.10"]
[SourceQuality "1"]
[WhiteTeam "Dreisamtal"]
[BlackTeam "Kuppenheim"]
[WhiteTeamCountry "GER"]
[BlackTeamCountry "GER"]

1. d4 Nf6 2. Nf3 e6 3. c4 b6 4. g3 Bb7 5. Bg2 c5 6. d5 exd5 7. cxd5 Bxd5 8. Nc3 Bc6 9. e4 d6 10. 0-0 Be7 11. Nh4 0-0 12. Nf5 g6 13. Nxe7+ Qxe7 14. Re1 b5 15. Bg5 Re8 16. Nxb5 Bxb5 17. e5 dxe5 18. Bxa8 Nbd7 19. Bg2 Qe6 20. Qb3 Bc4 21. Qa4 a6 22. Rac1 Bb5 23. Qh4 c4 24. a4 Bxa4 25. Qxc4 Qxc4 26. Rxc4 Bb5 27. Rc7 Kg7 28. Rec1 e4 29. Ra7 Re5 30. Bd2 Nd5 31. Rc8 N7b6 32. Rd8 Re6 33. h4 h6 34. b3 Bd3 35. Bc1 Nf6 36. Bb2 g5 37. hxg5 hxg5 38. Bh3 Rc6 39. Bf5 Bc2 40. Rxa6 e3 41. Bxc2 exf2+ 42. Kf1 1-0

[Event "Verbandsliga Suedbaden 2223"]
[Site "Germany"]
[Date "2023.03.05"]
[Round "7.2"]
[White "Schwing, Hans Elmar"]
[Black "Fischer, Markus"]
[Result "0-1"]
[WhiteElo "2319"]
[BlackElo "2255"]
[PlyCount "82"]
[EventDate "2022.09.25"]
[EventType "team-tourn"]
[EventRounds "9"]
[EventCountry "GER"]
[SourceTitle "EXT 2024"]
[Source "ChessBase"]
[SourceDate "2023.10.10"]
[SourceVersion "1"]
[SourceVersionDate "2023.10.10"]
[SourceQuality "1"]
[WhiteTeam "Dreisamtal"]
[BlackTeam "Heitersheim"]
[WhiteTeamCountry "GER"]
[BlackTeamCountry "GER"]

1. d4 Nf6 2. c4 g6 3. Nc3 Bg7 4. e4 0-0 5. Nf3 d6 6. Be2 e5 7. 0-0 Nc6 8. d5 Ne7 9. b4 Nh5 10. Re1 h6 11. a4 f5 12. a5 fxe4 13. Nxe4 Nf4 14. Bf1 Bg4 15. Ra3 g5 16. h3 Bd7 17. Nfd2 Nf5 18. g3 Ng6 19. c5 Qe7 20. Rc3 Nd4 21. Nc4 Nb5 22. Rce3 a6 23. cxd6 cxd6 24. Nb6 Rad8 25. Nxd7 Qxd7 26. Qh5 Ne7 27. h4 gxh4 28. gxh4 Nf5 29. Bh3 Nbd4 30. Rc3 Qe7 31. Kh1 Qxh4 32. Qxh4 Nxh4 33. Rg1 Ne2 34. Bxh6 Nxg1 35. Be6+ Kh7 36. Bxg7 Kxg7 37. Kxg1 Rf4 38. Ng5 Rxb4 39. Nf7 Rf8 40. Nxd6 Rb1+ 41. Kh2 Nf3+ 0-1

[Event "Baden Team Cup Final4"]
[Site "Horben"]
[Date "2021.09.25"]
[Round "4.2"]
[White "Schwing, Hans Elmar"]
[Black "Ahner, Thomas"]
[Result "1-0"]
[WhiteElo "2305"]
[BlackElo "2096"]
[PlyCount "75"]
[EventDate "2020.10.18"]
[EventType "team-k.o."]
[EventRounds "5"]
[EventCountry "GER"]
[SourceTitle "EXT 2023"]
[Source "ChessBase"]
[SourceDate "2022.10.05"]
[SourceVersion "1"]
[SourceVersionDate "2022.10.05"]
[SourceQuality "1"]
[WhiteTeam "Dreisamtal"]
[BlackTeam "Horben"]
[WhiteTeamCountry "GER"]
[BlackTeamCountry "GER"]

1. d4 Nf6 2. Nf3 e6 3. c4 d5 4. g3 Be7 5. Bg2 0-0 6. 0-0 dxc4 7. Qc2 a6 8. a4 Bd7 9. Qxc4 Bc6 10. Rd1 Bd5 11. Qd3 c5 12. Nbd2 Nbd7 13. e4 Bc6 14. e5 Nd5 15. Ne4 Nb4 16. Qe2 cxd4 17. Nxd4 Qc7 18. Bf4 Bd5 19. Rac1 Qa5 20. h4 Rac8 21. h5 h6 22. Qe3 Kh7 23. g4 Nc5 24. g5 hxg5 25. Bxg5 Bxg5 26. Nxg5+ Kg8 27. Qg3 Ncd3 28. Rxc8 Rxc8 29. Rxd3 Nxd3 30. Qxd3 Rc1+ 31. Kh2 Bxg2 32. Kxg2 Qxe5 33. Ndf3 Qd5 34. Qh7+ Kf8 35. h6 Qc4 36. Qxg7+ Ke8 37. Qxf7+ Kd8 38. Nxe6+ 1-0

[Event "Verbandsliga Suedbaden 1920"]
[Site "Baden"]
[Date "2020.01.12"]
[Round "4.3"]
[White "Schwing, Hans Elmar"]
[Black "Thiercelin, Jerome"]
[Result "1-0"]
[WhiteElo "2294"]
[BlackElo "2024"]
[PlyCount "105"]
[EventDate "2019.09.29"]
[EventType "team-tourn"]
[EventRounds "9"]
[EventCountry "GER"]
[SourceTitle "EXT 2021"]
[Source "ChessBase"]
[SourceDate "2020.10.23"]
[SourceVersion "1"]
[SourceVersionDate "2020.10.23"]
[SourceQuality "1"]
[WhiteTeam "Dreisamtal"]
[BlackTeam "Offenburg"]
[WhiteTeamCountry "GER"]
[BlackTeamCountry "GER"]

1. d4 Nf6 2. c4 c5 3. d5 b5 4. cxb5 a6 5. bxa6 g6 6. Nc3 Bg7 7. e4 d6 8. Nf3 0-0 9. Be2 Bxa6 10. 0-0 Nbd7 11. h3 Ne8 12. Re1 h6 13. Be3 Nc7 14. Rc1 Qb8 15. Rc2 Bxe2 16. Qxe2 Qb4 17. Bf4 Nb6 18. a3 Qb3 19. Rec1 Na4 20. Nxa4 Rxa4 21. Nd2 Qb5 22. Nc4 f5 23. Rd1 Qb7 24. Rd3 Nb5 25. b3 Ra7 26. exf5 Rxf5 27. Qe6+ Kh7 28. Rg3 Rf6 29. Qe4 Nxa3 30. Rcc3 Nb5 31. Rce3 Nd4 32. Rxg6 Rxg6 33. h4 h5 34. Rg3 Ne2+ 35. Qxe2 Qxd5 36. Ne3 Qe4 37. Qxh5+ Bh6 38. Bxh6 Rxg3 39. Bf4+ Kg7 40. Bxg3 Qg6 41. Qf3 Qf7 42. Bf4 e5 43. Qg4+ Kh7 44. Bg5 Ra2 45. f3 Re2 46. Qe4+ Qg6 47. Qb7+ Kh8 48. Nd5 Rxg2+ 49. Kxg2 e4 50. Kf1 exf3 51. Bf6+ Qxf6 52. Nxf6 f2 53. Qh7# 1-0

[Event "Verbandsliga Suedbaden 1920"]
[Site "Baden"]
[Date "2019.12.01"]
[Round "3.2"]
[White "Roesch, Mario"]
[Black "Schwing, Hans Elmar"]
[Result "1/2-1/2"]
[WhiteElo "2152"]
[BlackElo "2294"]
[PlyCount "193"]
[EventDate "2019.09.29"]
[EventType "team-tourn"]
[EventRounds "9"]
[EventCountry "GER"]
[SourceTitle "EXT 2021"]
[Source "ChessBase"]
[SourceDate "2020.10.23"]
[SourceVersion "1"]
[SourceVersionDate "2020.10.23"]
[SourceQuality "1"]
[WhiteTeam "Oberwinden"]
[BlackTeam "Dreisamtal"]
[WhiteTeamCountry "GER"]
[BlackTeamCountry "GER"]

1. e4 e5 2. Bc4 Nf6 3. d3 Bc5 4. Nf3 Nc6 5. c3 0-0 6. Bb3 d5 7. Nbd2 Be6 8. 0-0 a6 9. Bc2 Ba7 10. h3 Re8 11. Re1 h6 12. Qe2 dxe4 13. dxe4 Nh5 14. Nh2 Nf4 15. Qf3 Qh4 16. Ndf1 Rad8 17. Ng3 Ne7 18. Ng4 Bxg4 19. hxg4 Rd6 20. Nf5 Nxf5 21. gxf5 Nd3 22. Bxd3 Rxd3 23. Be3 Red8 24. Re2 Rd1+ 25. Re1 R1d3 26. Re2 Bxe3 27. Rxe3 Rd2 28. Rb1 Qf4 29. Qxf4 exf4 30. Rf3 Rd1+ 31. Rxd1 Rxd1+ 32. Kh2 Rd2 33. b4 Rxa2 34. Rxf4 Re2 35. g4 Kf8 36. Kg2 Ke7 37. Kf1 Rc2 38. Rf3 Kf6 39. Rd3 Ke5 40. f3 Kf4 41. Ke1 b5 42. Kd1 Rg2 43. Rd7 Kxf3 44. Rxf7 Kxe4 45. Rxg7 h5 46. Re7+ Kd3 47. Ke1 Kxc3 48. f6 Rxg4 49. f7 Rf4 50. Ke2 Kd4 51. Rd7+ Ke5 52. Ke3 Rf6 53. Rxc7 Ke6 54. Rc5 Kxf7 55. Rxh5 Rc6 56. Rh4 Kg6 57. Kd3 Kf5 58. Rd4 Rh6 59. Kc3 Rh3+ 60. Kb2 Ke5 61. Rg4 Rh6 62. Kc3 Rc6+ 63. Kb3 Kd5 64. Rg5+ Ke4 65. Rg4+ Ke3 66. Rg3+ Kf2 67. Rh3 Re6 68. Rh8 Ke3 69. Kc3 Rc6+ 70. Kb3 Rf6 71. Kc3 Ke2 72. Rh2+ Kf3 73. Rh8 Kg4 74. Rg8+ Kf5 75. Rh8 Rc6+ 76. Kb3 Kg6 77. Rh1 Kg7 78. Rh2 Rf6 79. Kc3 Rf3+ 80. Kb2 Kg6 81. Rh8 Kf7 82. Rh6 Rf6 83. Rh5 Ke6 84. Kc3 Kd6 85. Rh3 Kc6 86. Rh5 Kb6 87. Rh3 Rg6 88. Kb3 a5 89. bxa5+ Kxa5 90. Rh4 Rg3+ 91. Kb2 Rf3 92. Rg4 Rh3 93. Rf4 Rh2+ 94. Kb3 Rh3+ 95. Kb2 Kb6 96. Rg4 Kc5 97. Rf4 1/2-1/2

[Event "Verbandsliga Suedbaden 1920"]
[Site "Baden"]
[Date "2019.09.29"]
[Round "1.4"]
[White "Steiger, Wolfgang"]
[Black "Schwing, Hans Elmar"]
[Result "1/2-1/2"]
[WhiteElo "2274"]
[BlackElo "2294"]
[PlyCount "134"]
[EventDate "2019.09.29"]
[EventType "team-tourn"]
[EventRounds "9"]
[EventCountry "GER"]
[SourceTitle "EXT 2021"]
[Source "ChessBase"]
[SourceDate "2020.10.23"]
[SourceVersion "1"]
[SourceVersionDate "2020.10.23"]
[SourceQuality "1"]
[WhiteTeam "Gottmadingen"]
[BlackTeam "Dreisamtal"]
[WhiteTeamCountry "GER"]
[BlackTeamCountry "GER"]

1. e3 Nf6 2. c4 g6 3. Nc3 Bg7 4. g3 d5 5. cxd5 Nxd5 6. Bg2 Nxc3 7. bxc3 c5 8. Ne2 0-0 9. 0-0 Nc6 10. d4 Qa5 11. Bd2 Rd8 12. Qc2 Bf5 13. Qb2 Qc7 14. e4 Bg4 15. f3 Bd7 16. Rab1 Na5 17. Bf4 Qc8 18. Rfc1 b5 19. Rd1 a6 20. Qc1 Nc4 21. Bg5 Re8 22. Be3 e6 23. Bf2 Qc7 24. dxc5 Bf8 25. Kh1 Rad8 26. Nf4 Bxc5 27. Bxc5 Qxc5 28. Nd3 Qc7 29. Qg5 Bc6 30. h4 Qe7 31. Qxe7 Rxe7 32. Nc5 Ra8 33. Bf1 Ne5 34. Be2 Rc7 35. Rd6 Kf8 36. Rxe6 Nd7 37. Rxc6 Rxc6 38. Nxd7+ Ke7 39. Ne5 Rxc3 40. Kg1 Rc2 41. Kf2 Rxa2 42. Rc1 f6 43. Nc6+ Kd6 44. Nb4 Rb2 45. Rd1+ Ke6 46. Nd3 Rc2 47. Nf4+ Ke7 48. Ke3 Ra2 49. Nd5+ Kf7 50. Rc1 Ra3+ 51. Kf4 Ra7 52. g4 Ra2 53. Ke3 Ra3+ 54. Kf4 Ra2 55. Bd1 a5 56. Rb1 Rb7 57. Bb3 Rh2 58. Nc3+ Kg7 59. Bd5 Rb6 60. Kg3 Rc2 61. Rxb5 Rxb5 62. Nxb5 a4 63. Kf4 Rc5 64. Na3 Rc3 65. Nb5 Rc5 66. Na3 Rc3 67. Nb5 Rc5 1/2-1/2

[Event "Oberliga Baden 1819"]
[Site "Baden"]
[Date "2019.02.03"]
[Round "6.3"]
[White "Ruff, Maximilian"]
[Black "Schwing, Hans Elmar"]
[Result "1/2-1/2"]
[WhiteElo "2285"]
[BlackElo "2295"]
[PlyCount "259"]
[EventDate "2018.10.21"]
[EventType "team-tourn"]
[EventRounds "9"]
[EventCountry "GER"]
[SourceTitle "EXT 2020"]
[Source "ChessBase"]
[SourceDate "2019.10.17"]
[SourceVersion "1"]
[SourceVersionDate "2019.10.17"]
[SourceQuality "1"]
[WhiteTeam "Sasbach"]
[BlackTeam "Dreisamtal"]
[WhiteTeamCountry "GER"]
[BlackTeamCountry "GER"]

1. d4 Nf6 2. c4 e6 3. Nc3 Bb4 4. Qc2 0-0 5. Nf3 c5 6. dxc5 Na6 7. g3 Nxc5 8. Bg2 Nce4 9. 0-0 Nxc3 10. bxc3 Be7 11. e4 d6 12. e5 dxe5 13. Nxe5 Qc7 14. Qe2 Bd6 15. Re1 Nd7 16. Bf4 Bxe5 17. Bxe5 Nxe5 18. Qxe5 Qxc4 19. a4 a5 20. Red1 f6 21. Qd6 Re8 22. Rab1 Ra6 23. Qb8 Qxa4 24. Rd4 Qa3 25. Qc7 e5 26. Rd2 Qf8 27. Bxb7 Bxb7 28. Rxb7 Rc8 29. Qd7 a4 30. Qb5 Raa8 31. Rdd7 a3 32. Qd5+ Kh8 33. Ra7 Rxa7 34. Rxa7 Rxc3 35. Qa5 Rc8 36. h4 h5 37. Kg2 Qd6 38. Qxa3 Qxa3 39. Rxa3 Kh7 40. Ra7 Kg6 41. Re7 Rf8 42. Kf3 Rf7 43. Re8 Ra7 44. Rh8 Ra3+ 45. Kg2 e4 46. Rb8 Ra5 47. Rb7 Re5 48. Kf1 e3 49. fxe3 Rxe3 50. Kf2 Re8 51. Kf3 Rf8 52. Kf4 Rf7 53. Rb5 Ra7 54. Rc5 Ra4+ 55. Kf3 Rd4 56. Rc7 Rd1 57. Ra7 Rf1+ 58. Kg2 Rf5 59. Rb7 Ra5 60. Kf3 Ra3+ 61. Kf4 Ra4+ 62. Kf3 Rg4 63. Rb6 Kf7 64. Rb5 Kg6 65. Rb6 Ra4 66. Rc6 Ra7 67. Rb6 Re7 68. Ra6 Kf5 69. Ra5+ Re5 70. Ra7 g6 71. Ra6 Rb5 72. Ra3 Rc5 73. Rb3 Ra5 74. Rc3 Ke6 75. Rb3 Rf5+ 76. Kg2 Rd5 77. Kf3 Kd6 78. Rb6+ Ke5 79. Rb3 Kd4 80. Rb6 Ke5 81. Rb3 Ra5 82. Re3+ Kd6 83. Rd3+ Ke6 84. Rb3 g5 85. hxg5 fxg5 86. Rb8 g4+ 87. Kf2 Rf5+ 88. Kg2 Kd5 89. Rb5+ Ke4 90. Rb4+ Kd3 91. Rb3+ Kc2 92. Rb8 Rd5 93. Rc8+ Kd1 94. Rh8 Re5 95. Kf2 Rf5+ 96. Kg2 Rd5 97. Kf2 Rd2+ 98. Kf1 Rd5 99. Kf2 Kd2 100. Rh7 Kd3 101. Ra7 Ke4 102. Ra4+ Rd4 103. Ra2 Rc4 104. Rb2 Kd3 105. Rb5 Rc2+ 106. Kg1 Ke4 107. Rxh5 Kf3 108. Ra5 Rg2+ 109. Kh1 Rxg3 110. Ra3+ Kf4 111. Ra4+ Kg5 112. Kh2 Rb3 113. Ra2 Kh4 114. Kg2 Rb4 115. Ra3 Rb2+ 116. Kg1 Rc2 117. Rb3 Ra2 118. Rc3 g3 119. Rc8 Ra4 120. Rh8+ Kg4 121. Rg8+ Kf3 122. Rf8+ Rf4 123. Rxf4+ Kxf4 124. Kg2 Kg4 125. Kg1 Kf3 126. Kf1 Kg4 127. Kg2 Kh4 128. Kg1 Kh3 129. Kh1 Kg4 130. Kg2 1/2-1/2

[Event "Baden-ch"]
[Site "Sasbach"]
[Date "2018.07.27"]
[Round "4"]
[White "Rosner, Jonas"]
[Black "Schwing, Hans Elmar"]
[Result "1-0"]
[WhiteElo "2412"]
[BlackElo "2316"]
[PlyCount "97"]
[EventDate "2018.07.25"]
[EventType "swiss"]
[EventRounds "7"]
[EventCountry "GER"]
[SourceTitle "CBM 186 Extra"]
[Source "ChessBase"]
[SourceDate "2018.08.24"]
[SourceVersion "1"]
[SourceVersionDate "2018.08.24"]
[SourceQuality "1"]

1. d4 Nf6 2. Nf3 e6 3. Bf4 c5 4. e3 Nd5 5. Bg3 Qb6 6. Qc1 cxd4 7. exd4 Nc6 8. c3 Nf6 9. Nbd2 d5 10. Qc2 Bd7 11. Qb3 Qxb3 12. axb3 a6 13. b4 Na7 14. Nb3 Ne4 15. Nc5 Bxc5 16. bxc5 Bb5 17. Ne5 Bxf1 18. Rxf1 f6 19. Nd3 Nxg3 20. hxg3 Kd7 21. Kd2 Nc6 22. f4 h5 23. b4 Ne7 24. Ke2 Nf5 25. Kf2 Nh6 26. Rfb1 Ng4+ 27. Ke2 Kc7 28. Nf2 Rhe8 29. Nxg4 hxg4 30. Kd3 e5 31. fxe5 fxe5 32. dxe5 Rxe5 33. Re1 Rae8 34. Rxe5 Rxe5 35. Rf1 Re7 36. Rf4 b6 37. cxb6+ Kxb6 38. Rxg4 a5 39. bxa5+ Kxa5 40. Rg5 Kb6 41. Rxd5 Kc6 42. c4 Ra7 43. g4 g6 44. Kd4 Re7 45. Re5 Rd7+ 46. Ke4 Rd2 47. Kf4 Rxg2 48. Kg5 Kd6 49. Re4 1-0

[Event "Oberliga Baden 1718"]
[Site "Baden"]
[Date "2018.02.25"]
[Round "7.3"]
[White "Schwing, Hans Elmar"]
[Black "Schwarz, Michael"]
[Result "1/2-1/2"]
[WhiteElo "2321"]
[BlackElo "2380"]
[PlyCount "81"]
[EventDate "2017.10.08"]
[EventType "team-tourn"]
[EventRounds "9"]
[EventCountry "GER"]
[SourceTitle "EXT 2019"]
[Source "ChessBase"]
[SourceDate "2018.10.10"]
[SourceVersion "1"]
[SourceVersionDate "2018.10.10"]
[SourceQuality "1"]
[WhiteTeam "Dreisamtal"]
[BlackTeam "Baden-Baden III"]
[WhiteTeamCountry "GER"]
[BlackTeamCountry "GER"]

1. d4 Nf6 2. c4 e6 3. Nf3 Bb4+ 4. Bd2 Qe7 5. g3 0-0 6. Bg2 Ne4 7. 0-0 Bxd2 8. Nfxd2 Nxd2 9. Qxd2 d6 10. Nc3 c6 11. e4 e5 12. Rad1 Nd7 13. d5 c5 14. Bh3 a6 15. a4 g6 16. a5 b5 17. axb6 Rb8 18. Ra1 Rxb6 19. Ra3 Kg7 20. b3 Nb8 21. Bxc8 Rxc8 22. Na4 Rb7 23. Nb2 f5 24. exf5 gxf5 25. Qc3 Qf6 26. Nd3 Rcc7 27. f3 Rf7 28. Nf2 h5 29. Kg2 Rb6 30. Re1 Rfb7 31. Re3 Nd7 32. Nh3 Nf8 33. f4 e4 34. Ng5 Qxc3 35. Rxc3 Kf6 36. Kf2 Ng6 37. h4 Nf8 38. Ke1 Ke7 39. Kd2 Ke8 40. Re3 Nd7 41. Kc2 1/2-1/2

[Event "GER Cup 1617 final"]
[Site "Niederhausen"]
[Date "2017.06.16"]
[Round "3.3"]
[White "Telljohann, Sven"]
[Black "Schwing, Hans Elmar"]
[Result "0-1"]
[WhiteElo "2404"]
[BlackElo "2335"]
[PlyCount "90"]
[EventDate "2017.06.15"]
[EventType "swiss"]
[EventRounds "5"]
[EventCountry "GER"]
[SourceTitle "EXT 2019"]
[Source "ChessBase"]
[SourceDate "2018.10.10"]
[SourceVersion "1"]
[SourceVersionDate "2018.10.10"]
[SourceQuality "1"]

1. Nf3 Nf6 2. g3 d5 3. Bg2 c5 4. 0-0 Nc6 5. c4 d4 6. d3 e5 7. e3 Be7 8. exd4 exd4 9. Bg5 0-0 10. Bxf6 Bxf6 11. Nfd2 Be7 12. Re1 Be6 13. Ne4 Qd7 14. f4 Kh8 15. Nbd2 Rae8 16. Nf3 h6 17. a3 f5 18. Ned2 Bf7 19. Qa4 g5 20. fxg5 hxg5 21. Nb3 Qc7 22. Rad1 g4 23. Nh4 Bxh4 24. gxh4 Rxe1+ 25. Rxe1 Ne5 26. Qxa7 Nxd3 27. Re2 Bxc4 28. Nxd4 Qf4 29. Nc2 Qc1+ 30. Bf1 Qxb2 31. Qa5 Nf4 32. Qxc5 Nxe2+ 33. Bxe2 Qc1+ 34. Kg2 Bd5+ 35. Qxd5 Qxc2 36. Qe5+ Kg8 37. Qe6+ Rf7 38. h3 Kf8 39. hxg4 fxg4 40. Kg3 Qc3+ 41. Kxg4 Rg7+ 42. Kh5 Qc5+ 43. Kh6 Qc1+ 44. Kh5 Rh7+ 45. Kg4 Qg1+ 0-1

[Event "Oberliga Baden 1617"]
[Site "Baden"]
[Date "2017.01.15"]
[Round "4.3"]
[White "Schwing, Hans Elmar"]
[Black "Roesch, Mario"]
[Result "1-0"]
[WhiteElo "2320"]
[BlackElo "2168"]
[PlyCount "80"]
[EventDate "2016.10.16"]
[EventType "team-tourn"]
[EventRounds "9"]
[EventCountry "GER"]
[SourceTitle "EXT 2018"]
[Source "ChessBase"]
[SourceDate "2017.10.13"]
[SourceVersion "1"]
[SourceVersionDate "2017.10.13"]
[SourceQuality "1"]
[WhiteTeam "Dreisamtal"]
[BlackTeam "Oberwinden"]
[WhiteTeamCountry "GER"]
[BlackTeamCountry "GER"]

1. d4 Nf6 2. c4 g6 3. Nc3 Bg7 4. e4 d6 5. Nf3 0-0 6. Be2 e5 7. 0-0 Nc6 8. d5 Ne7 9. b4 Kh8 10. a4 Nh5 11. Re1 f5 12. a5 Nf6 13. Ra3 h6 14. Nd2 g5 15. Bf1 f4 16. c5 Ng6 17. Nc4 Rf7 18. cxd6 cxd6 19. b5 h5 20. a6 b6 21. Na2 g4 22. Rc3 Nh7 23. Nb4 Bf8 24. Nc6 Qf6 25. Ba3 Ng5 26. Qc2 g3 27. hxg3 fxg3 28. Rxg3 h4 29. Rxg5 Qxg5 30. Nxd6 Bxd6 31. Bxd6 Rf6 32. Bc7 Bh3 33. Qc3 Bxg2 34. Bxg2 Rg8 35. Kh1 Rxf2 36. Bh3 Kh7 37. Nxe5 Nf4 38. Bf5+ Qxf5 39. exf5 Rgg2 40. Nf3 Ne2 1-0

[Event "Bodensee-Cup"]
[Site "Bregenz"]
[Date "2016.04.23"]
[Round "2.5"]
[White "Schwing, Hans Elmar"]
[Black "Colmenares, Aurelio"]
[Result "1/2-1/2"]
[WhiteElo "2298"]
[BlackElo "2371"]
[PlyCount "119"]
[EventDate "2016.04.22"]
[EventType "team-tourn"]
[EventRounds "3"]
[EventCountry "AUT"]
[SourceTitle "EXT 2018"]
[Source "ChessBase"]
[SourceDate "2017.10.13"]
[SourceVersion "1"]
[SourceVersionDate "2017.10.13"]
[SourceQuality "1"]
[WhiteTeam "Baden"]
[BlackTeam "Switzerland"]
[WhiteTeamCountry "GER"]
[BlackTeamCountry "SUI"]

1. d4 Nf6 2. c4 g6 3. Nc3 d5 4. Bf4 Bg7 5. e3 0-0 6. Rc1 Be6 7. c5 c6 8. Nf3 b6 9. b4 Ne4 10. Bd3 bxc5 11. bxc5 Nxc3 12. Rxc3 Bg4 13. Qa4 Bxf3 14. gxf3 Re8 15. Bxb8 Rxb8 16. f4 Qd7 17. Rb3 e5 18. fxe5 Rxb3 19. axb3 f6 20. exf6 Bxf6 21. h4 Qc7 22. Kd2 a5 23. h5 g5 24. Kc2 Rb8 25. h6 Rb4 26. Qa3 Bd8 27. Kc3 Qf7 28. Qa2 Qa7 29. Rg1 Kh8 30. Qe2 Bf6 31. Qh5 Rb8 32. Kd2 Rf8 33. Qh2 Qb7 34. Qd6 Be7 35. Qe5+ Bf6 36. Qd6 Be7 37. Qe5+ Bf6 38. Qf5 Qe7 39. Qg4 Qb7 40. Rb1 Qb4+ 41. Ke2 Qb7 42. Kf1 Qf7 43. Kg2 Bd8 44. Rf1 Bc7 45. f3 Qe7 46. Kf2 Re8 47. e4 Bf4 48. Kg2 dxe4 49. Bxe4 Rd8 50. Rd1 Rf8 51. d5 cxd5 52. Rxd5 Qf6 53. Qd7 Qxh6 54. Qh3 Qf6 55. Rd7 Qb2+ 56. Kf1 Qa1+ 57. Kg2 Qb2+ 58. Kf1 Qa1+ 59. Kg2 Qb2+ 60. Kf1 1/2-1/2

[Event "Oberliga Baden 1516"]
[Site "Baden"]
[Date "2016.04.10"]
[Round "9.4"]
[White "Pfatteicher, Lukas"]
[Black "Schwing, Hans Elmar"]
[Result "1-0"]
[WhiteElo "2200"]
[BlackElo "2240"]
[PlyCount "129"]
[EventDate "2015.09.20"]
[EventType "team-tourn"]
[EventRounds "9"]
[EventCountry "GER"]
[SourceTitle "EXT 2018"]
[Source "ChessBase"]
[SourceDate "2017.10.13"]
[SourceVersion "1"]
[SourceVersionDate "2017.10.13"]
[SourceQuality "1"]
[WhiteTeam "Karlsruhe SF"]
[BlackTeam "Dreisamtal"]
[WhiteTeamCountry "GER"]
[BlackTeamCountry "GER"]

1. d4 Nf6 2. c4 e6 3. Nc3 Bb4 4. Qc2 0-0 5. Nf3 c5 6. dxc5 Na6 7. g3 Nxc5 8. Bg2 Nce4 9. 0-0 Bxc3 10. bxc3 Qa5 11. Nd4 Qxc3 12. Qxc3 Nxc3 13. Ba3 d6 14. Rac1 Nce4 15. Nb5 Rd8 16. Rfd1 Bd7 17. Nxd6 Bc6 18. f3 Nxd6 19. Bxd6 Rd7 20. e4 Ne8 21. c5 f6 22. f4 Rad8 23. e5 Bxg2 24. Kxg2 g5 25. Rf1 gxf4 26. Rxf4 fxe5 27. Bxe5 Rf7 28. Kf3 Rd2 29. Rxf7 Kxf7 30. Rb1 b6 31. cxb6 axb6 32. a4 Nf6 33. Rxb6 Rxh2 34. Rb2 Rh5 35. Rb5 Rh2 36. Rb2 Rh5 37. Bxf6 Kxf6 38. Ra2 Ke5 39. a5 Rf5+ 40. Ke3 Rg5 41. Kf3 Rf5+ 42. Ke2 Rf7 43. a6 Ra7 44. Ke3 Kd5 45. g4 Kc6 46. Ke4 Kc7 47. Ke5 Kb8 48. Kxe6 Rg7 49. a7+ Ka8 50. Kf5 Rf7+ 51. Kg5 Rg7+ 52. Kh5 Rc7 53. Ra5 Rc1 54. Kh6 Rg1 55. Rg5 Kxa7 56. Kxh7 Kb6 57. Rg8 Kc7 58. g5 Kd7 59. g6 Ke7 60. Kg7 Rh1 61. Ra8 Rf1 62. Kg8 Rg1 63. g7 Rh1 64. Ra4 Re1 65. Rh4 1-0

[Event "GER Cup"]
[Site "Wiesbaden/Niedernhausen"]
[Date "2015.06.06"]
[Round "5.7"]
[White "Andre, Gordon"]
[Black "Schwing, Hans Elmar"]
[Result "0-1"]
[WhiteElo "2302"]
[BlackElo "2261"]
[PlyCount "72"]
[EventDate "2015.06.04"]
[EventType "k.o."]
[EventRounds "5"]
[EventCountry "GER"]
[SourceTitle "EXT 2017"]
[Source "ChessBase"]
[SourceDate "2016.10.25"]
[SourceVersion "1"]
[SourceVersionDate "2016.10.25"]
[SourceQuality "1"]

1. d4 Nf6 2. c4 e6 3. Nf3 b6 4. a3 Bb7 5. Nc3 d5 6. cxd5 Nxd5 7. Qc2 Nxc3 8. bxc3 Be7 9. e4 0-0 10. Bd3 c5 11. 0-0 Qc7 12. Qe2 Nc6 13. Bb2 Na5 14. Ne5 Nc6 15. Ng4 Rad8 16. Rac1 Na5 17. Rcd1 Bc6 18. d5 Ba4 19. Rde1 c4 20. Bb1 Nb3 21. Rd1 Nc5 22. Rd4 Bb3 23. d6 Rxd6 24. e5 Rxd4 25. cxd4 Na4 26. Rc1 Rc8 27. Ne3 Bg5 28. Ba1 Qe7 29. Rf1 Bxe3 30. fxe3 c3 31. Qb5 c2 32. Qxb3 c1Q 33. Rxc1 Rxc1+ 34. Kf2 Qh4+ 35. Ke2 Qe1+ 36. Kf3 Qd1+ 0-1

[Event "Oberliga Baden 1415"]
[Site "Baden"]
[Date "2015.04.12"]
[Round "9.3"]
[White "Schwing, Hans Elmar"]
[Black "Eschbach, Dennis"]
[Result "0-1"]
[WhiteElo "2267"]
[BlackElo "2403"]
[PlyCount "76"]
[EventDate "2014.09.21"]
[EventType "team-tourn"]
[EventRounds "9"]
[EventCountry "GER"]
[SourceTitle "EXT 2016"]
[Source "ChessBase"]
[SourceDate "2015.10.08"]
[SourceVersion "1"]
[SourceVersionDate "2015.10.08"]
[SourceQuality "1"]
[WhiteTeam "Dreisamtal"]
[BlackTeam "Waldshut Tiengen"]
[WhiteTeamCountry "GER"]
[BlackTeamCountry "GER"]

1. d4 Nf6 2. c4 g6 3. Nc3 Bg7 4. e4 d6 5. Nf3 0-0 6. Be2 e5 7. 0-0 Nc6 8. d5 Ne7 9. b4 Nh5 10. Re1 Nf4 11. Bf1 a5 12. bxa5 Rxa5 13. a4 c5 14. Ra3 h6 15. Nd2 Ra6 16. Nb5 g5 17. g3 Nfg6 18. Be2 f5 19. exf5 Nxf5 20. Bh5 Nge7 21. Bg4 Kh8 22. Ne4 Ng8 23. Rf1 Nf6 24. Nxf6 Rxf6 25. Nc3 Rf8 26. Bd2 Bd7 27. f3 Qe8 28. Kg2 Qg6 29. Qb1 b6 30. Re1 h5 31. Bxf5 Bxf5 32. Qb5 Raa8 33. Qxb6 g4 34. Nb5 gxf3+ 35. Kf2 Qg4 36. Nxd6 Qh3 37. Nxf5 Qg2+ 38. Ke3 Rxf5 0-1